Hướng dẫn lập trình báo cáo đánh giá tác động môi trường dự án nhà máy bia rượu nước giải khác

সংরক্ষণ করুন:
গ্রন্থ-পঞ্জীর বিবরন
বিন্যাস: গ্রন্থ
প্রকাশিত: Hà Nội 1999
বিষয়গুলি:
ট্যাগগুলো: ট্যাগ যুক্ত করুন
কোনো ট্যাগ নেই, প্রথমজন হিসাবে ট্যাগ করুন!
Thư viện lưu trữ: Trung tâm Học liệu Lê Vũ Hùng, Trường Đại học Đồng Tháp
LEADER 01051pam a22002778a 4500
001 00038925
005 20171026081025.0
008 170517s1999 ||||||Viesd
041 0 # |a Vie 
082 1 4 |a 363.7  |b H561D 
245 1 0 |a Hướng dẫn lập trình báo cáo đánh giá tác động môi trường dự án nhà máy bia rượu nước giải khác 
260 # # |a Hà Nội  |c 1999 
300 # # |a 327tr.  |c 29 cm 
500 # # |a ĐTTS: Bộ Tài nguyên và môi trường. Tổng cục mọi trường. Cục thẩm định và đánh giá tác động môi trường 
653 # # |a Báo cáo 
653 # # |a Môi trường 
653 # # |a Ô nhiễm 
653 # # |a Tác động 
653 # # |a Nước giải khác 
852 # # |b Kho mượn  |j KM.0022822 
852 # # |j KD.0021984  |j KM.0022822 
852 # # |b Kho đọc  |j KD.0021984 
910 |d 17/05/2017 
980 # # |a Trung tâm Học liệu Lê Vũ Hùng, Trường Đại học Đồng Tháp